[Event "RUS-chT Rapid Men 2018"]
[Site "Sochi"]
[Date "2018.10.09"]
[Round "9"]
[White "Shariyazdanov, Andrey"]
[Black "Ponkratov, Pavel"]
[Result "1-0"]
[WhiteElo "2526"]
[BlackElo "2628"]
[Annotator "TA"]
[PlyCount "93"]
[EventDate "2018.10.05"]
[EventType "swiss"]
[EventCountry "RUS"]
[SourceTitle "playchess.com"]
[Source "ChessBase"]
[SourceQuality "1"]

{[%evp 9,93,-24,-26,-35,-26,-41,-19,-48,-46,-46,-46,-53,-14,-36,0,0,64,0,0,0,-4,-11,39,47,37,38,39,36,59,65,58,24,59,46,136,129,153,141,179,0,-4,-5,88,88,88,93,123,128,274,146,493,115,726,718,707,679,577,427,418,408,378,390,591,589,705,653,592,587,566,575,521,269,269,0,544,516,609,586,606,547,29957,29956,6003,6003,5122,5118]} 1. Nf3 c5 2. b3 Nc6 3. Bb2 d6 {[%cal Bd7d6,Bd6d5][%mdl 32]} 4. e3 e5 5. d4 cxd4 6. exd4 {A04: Unusual lines after 1 Nf3 and King's Indian Attack} e4 $1 {[%cal Re4f3]} 7. Nfd2 d5 (7... f5 8. d5 Ne5 9. Nxe4 fxe4 10. Bxe5 dxe5 11. Qh5+ g6 12. Qxe5+ Kf7 13. Qxh8 Bg7 14. Qxh7 Qg5 {0-1 (14) Li,C (2732)-Wang,Y (2690) Riadh 2017}) 8. Be2 {The position is equal.} f5 9. O-O Nf6 10. c4 Bd6 $146 ({Predecessor:} 10... Qc7 11. Nc3 Bd6 12. h3 Nxd4 13. cxd5 Nxe2+ 14. Qxe2 {1-0 (46) Batres Bianchi,L (2082)-Oquendo,C (2197) Argentina 2000}) 11. Nc3 Nxd4 12. Nxd5 Nxd5 (12... Nxe2+ $11 13. Qxe2 O-O) 13. cxd5 ({White should try} 13. Bh5+ $1 $14 g6 14. cxd5) 13... Nxe2+ $11 (13... Qh4 $6 14. Bh5+ g6 15. g3 $16) 14. Qxe2 O-O 15. Nc4 Bf4 16. g3 Bg5 17. Rfd1 (17. Ba3 {looks sharper.} Re8 18. d6 Bd7 19. Bb2 Rc8 20. Rad1) 17... Bf6 18. Rac1 $36 {[%mdl 2048] White fights for an advantage.} Bxb2 19. Qxb2 f4 20. d6 {And now d7! would win.} Bg4 21. Rd4 Bf3 (21... Qe8 $14) 22. Ne5 $1 $16 fxg3 23. hxg3 {[%cal Bh2g3,Bg3g4][%mdl 32]} e3 {White must now prevent ...Qg5.} 24. Qc3 $2 (24. fxe3 $2 Qg5 $19) ({White should play} 24. d7 $18) 24... exf2+ $11 25. Kf1 $1 Bh5 (25... Rc8 $11 {remains equal.} 26. Rc4 (26. Qxc8 $2 Qxc8 27. Rdc4 Qh3+ 28. Kxf2 Bc6+ 29. Ke2 Qxg3 $19) 26... Bc6) 26. d7 $16 {[%mdl 1024] aiming for Rf4. White has strong compensation.} Qg5 27. Rd2 Qf5 {[%cal Rf5h3] [#]} 28. g4 $1 {[%cal Rg4f5][%mdl 512]} Qg5 {[#]} (28... Bxg4 $16 29. Qc4+ Kh8 30. Nxg4 Rad8 31. Rxf2 Qxd7) 29. Qd4 (29. Qc4+ $1 $18 Kh8 30. Qd5) 29... Qh4 $2 {[%mdl 8192] [#]} (29... Rad8 $16) 30. Qd5+ $2 (30. Kg2 $1 $18 {[%cal Rd2f2]} Qg5 31. Rf1 (31. Rxf2 Rxf2+ 32. Kxf2 Rf8+ 33. Kg2 Qxc1 $11) 31... Bxg4 32. Nxg4) 30... Kh8 $2 {[%mdl 8192]} (30... Bf7 $16 31. Nxf7 (31. Qxb7 Rad8 $15) 31... Qh3+ 32. Qg2 Qxg2+ 33. Kxg2 Kxf7) 31. gxh5 $18 Qh3+ 32. Qg2 Qxh5 33. Nf3 Rad8 ({Don't go for} 33... Qxf3 $2 34. Qxf3 Rg8 35. Qxb7) 34. Kxf2 Qf5 35. Rcd1 Rf7 (35... Qc5+ {might work better.} 36. Kf1 Qf5) 36. Rd5 Qe4 37. R1d4 Qc2+ 38. Rd2 Qe4 39. R2d3 h6 40. R5d4 Qf5 41. Rd5 $2 (41. Qg3) 41... Qe4 $1 42. Qg3 Qe6 43. Qc7 Qf6 {[#]} 44. Rf5 $3 {[%mdl 512]} Qxf5 45. Qxd8+ Kh7 46. Qe8 Qc5+ 47. Qe3 {Precision: White = 60%, Black = 30%.} 1-0

[Event "RUS-chT Rapid Men 2018"]
[Site "Sochi"]
[Date "2018.10.09"]
[Round "9"]
[White "Potapov, Pavel"]
[Black "Sychev, Klementy"]
[Result "1/2-1/2"]
[WhiteElo "2515"]
[BlackElo "2534"]
[Annotator "ChessBase"]
[PlyCount "56"]
[EventDate "2018.10.05"]
[EventType "swiss"]
[EventCountry "RUS"]
[SourceTitle "playchess.com"]
[Source "ChessBase"]
[SourceQuality "1"]
[TimeControl "900+10"]

1. e4 {[%emt 0:00:00]} e6 {[%emt 0:00:00]} 2. d4 {[%emt 0:00:04]} d5 {[%emt 0:00:00]} 3. Bd3 {[%emt 0:00:06]} dxe4 {[%emt 0:00:50]} 4. Bxe4 {[%emt 0:00:01]} Nf6 {[%emt 0:00:01]} 5. Bf3 {[%emt 0:00:02]} c5 {[%emt 0:00:01]} 6. Ne2 {[%emt 0:00:02]} Nc6 {[%emt 0:00:02]} 7. Be3 {[%emt 0:00:20]} cxd4 {[%emt 0:00:02]} 8. Nxd4 {[%emt 0:00:04]} Ne5 {[%emt 0:00:02]} 9. Nc3 {[%emt 0:00:12]} a6 {[%emt 0:00:00]} 10. Qe2 {[%emt 0:00:06]} Nxf3+ {[%emt 0:00:02]} 11. Nxf3 {[%emt 0:00:05]} Be7 {[%emt 0:00:39]} 12. Bd4 {[%emt 0:01:23]} O-O {[%emt 0:00:18]} 13. O-O-O {[%emt 0:00:03]} Qc7 {[%emt 0:00:06]} 14. Be5 {[%emt 0:02:17]} Qa5 {[%emt 0:03:03]} 15. Bd6 {[%emt 0:01:10]} Bxd6 {[%emt 0:00:06]} 16. Rxd6 {[%emt 0:00:02]} Bd7 {[%emt 0:00:23]} 17. Ne5 {[%emt 0:00:30]} Bb5 {[%emt 0:00:45]} 18. Qe3 {[%emt 0:00:16]} Rac8 {[%emt 0:00:45]} 19. Rhd1 {[%emt 0:01:22]} Bc4 {[%emt 0:00:12]} 20. Nxc4 {[%emt 0:00:54]} Rxc4 {[%emt 0:00:02]} 21. Kb1 {[%emt 0:01:56]} Rfc8 {[%emt 0:02:00]} 22. Qb6 {[%emt 0:00:30]} Qxb6 {[%emt 0:00:02]} 23. Rxb6 {[%emt 0:00:02]} R4c7 {[%emt 0:00:02]} 24. f3 {[%emt 0:00:37]} Kf8 {[%emt 0:00:04]} 25. a4 {[%emt 0:00:15]} Ke7 {[%emt 0:00:22]} 26. Rd2 {[%emt 0:00:06]} Nd7 {[%emt 0:00:21]} 27. Rb4 {[%emt 0:00:10]} Nf6 {[%emt 0:01:25]} 28. Rb6 {[%emt 0:00:21]} Nd7 {[%emt 0:01:23]} 1/2-1/2

[Event "RUS-chT Rapid Men 2018"]
[Site "Sochi"]
[Date "2018.10.09"]
[Round "9"]
[White "Khanin, Semen"]
[Black "Taysayev, Timur"]
[Result "1-0"]
[WhiteElo "2510"]
[BlackElo "2225"]
[Annotator "ChessBase"]
[PlyCount "41"]
[EventDate "2018.10.05"]
[EventType "swiss"]
[EventCountry "RUS"]
[SourceTitle "playchess.com"]
[Source "ChessBase"]
[SourceQuality "1"]
[TimeControl "900+10"]

1. e4 {[%emt 0:00:00]} c5 {[%emt 0:00:00]} 2. Nf3 {[%emt 0:00:00]} d6 {[%emt 0:00:00]} 3. d4 {[%emt 0:00:00]} cxd4 {[%emt 0:00:00]} 4. Nxd4 {[%emt 0:00:00]} Nf6 {[%emt 0:00:00]} 5. Nc3 {[%emt 0:00:00]} Nc6 {[%emt 0:00:00]} 6. Bg5 {[%emt 0:00:00]} e6 {[%emt 0:00:01]} 7. Qd2 {[%emt 0:00:00]} Be7 {[%emt 0:00:01]} 8. O-O-O {[%emt 0:00:12]} Nxd4 {[%emt 0:00:02]} 9. Qxd4 {[%emt 0:00:02]} O-O {[%emt 0:00:02]} 10. f3 {[%emt 0:00:18]} a6 {[%emt 0:00:30]} 11. h4 {[%emt 0:00:12]} b5 {[%emt 0:00:05]} 12. a3 {[%emt 0:00:11]} e5 {[%emt 0:01:36]} 13. Qd2 {[%emt 0:00:05]} Be6 {[%emt 0:00:03]} 14. g4 {[%emt 0:01:21]} Qa5 {[%emt 0:03:02]} 15. Kb1 {[%emt 0:00:34]} b4 {[%emt 0:01:06]} 16. axb4 {[%emt 0:00:11]} Qxb4 {[%emt 0:00:02]} 17. Nd5 {[%emt 0:02:07]} Qb7 {[%emt 0:01:32]} 18. Nxe7+ {[%emt 0:00:45]} Qxe7 {[%emt 0:00:02]} 19. Qxd6 {[%emt 0:00:14]} Rfd8 {[%emt 0:00:13]} 20. Qxe7 {[%emt 0:00:03]} Rxd1+ {[%emt 0:00:07]} 21. Bc1 {[%emt 0:00:02]} 1-0

[Event "RUS-chT Rapid Men 2018"]
[Site "Sochi"]
[Date "2018.10.09"]
[Round "9"]
[White "Triapishko, Alexandr"]
[Black "Dubov, Daniil"]
[Result "0-1"]
[WhiteElo "2508"]
[BlackElo "2703"]
[Annotator "TA"]
[PlyCount "106"]
[EventDate "2018.10.05"]
[EventType "swiss"]
[EventCountry "RUS"]
[SourceTitle "playchess.com"]
[Source "ChessBase"]
[SourceQuality "1"]

{[%evp 9,106,12,19,30,75,75,63,77,63,52,68,46,50,26,36,29,35,37,36,33,33,45,29,25,47,0,0,-25,-18,-96,0,0,10,8,59,-21,0,-52,-42,-45,-51,-35,-45,-39,-39,-85,-65,-77,-28,-160,-156,-166,-158,-166,-166,-154,-158,-189,-184,-252,-251,-251,-251,-254,-237,-284,-265,-292,-154,-153,-154,-243,-188,-414,-414,-414,-414,-414,-410,-406,-397,-397,-386,-383,-367,-319,-216,-566,-566,-566,-566,-560,-554,-544,-537,-537,-447,-439,-425]} 1. d4 {ChessBase Website} Nf6 2. Nc3 d5 3. Bf4 c6 4. e3 Nbd7 (4... Bf5 5. Nf3 h6 6. Ne5 Nbd7 7. g4 Bh7 8. h4 Nxe5 9. dxe5 Ne4 10. Nxe4 Bxe4 11. f3 Bh7 12. e6 {1-0 (57) Bortnyk,O (2610)-Dreev,A (2653) Riadh 2017}) 5. h4 Qb6 $146 ({Predecessor:} 5... g6 6. g4 h6 7. Bd3 Bg7 8. Qf3 Qa5 9. Nge2 Ne4 10. Bxe4 dxe4 11. Qg2 Nf6 12. g5 hxg5 13. hxg5 Rxh1+ 14. Qxh1 {½-½ (69) Stefanova,A (2489)-Kosteniuk,A (2527) Khanty-Mansiysk 2014 CBM 160 [ChessBase Website]}) 6. Rb1 {D00: 1 d4 d5: Unusual lines} Ne4 7. Nxe4 dxe4 8. Ne2 {White is slightly better.} Nf6 9. Nc3 Bf5 10. Be2 (10. Na4 $5 {[%cal Ra4b6]} Qa5+ 11. Nc3 $11) 10... h5 11. O-O e6 12. b4 {[%cal Bb2b4,Bb4b5][%mdl 32]} Be7 13. b5 {And now bxc6 would win.} O-O 14. Na4 Qa5 15. c4 Bg4 {White must now prevent ...Bxe2.} 16. Bxg4 Nxg4 17. bxc6 bxc6 18. Rb7 Bxh4 19. Nc5 {[#]} (19. Bd6 $11) 19... Qxa2 (19... e5 $1 $17 {[%cal Re5f4]} 20. Bh2 exd4 21. Qxd4 Rfd8) 20. g3 $11 Bf6 21. Nxe4 Rfd8 (21... Qxc4 $11 22. f3 Qd5) 22. Qa1 ({White should try} 22. Qd3 $14) 22... Qe2 23. Qb2 (23. Qb1 $11) 23... Qxb2 ({And not} 23... Qxc4 24. f3 $16) 24. Rxb2 {With the idea f3.} e5 25. dxe5 Bxe5 26. Bxe5 Nxe5 27. c5 a5 $36 {[%mdl 2048] Black has the initiative.} 28. Ra1 $1 Rd5 29. Rb7 (29. Rba2 $1 $11 {remains equal.}) 29... Nd7 30. Rc7 Nxc5 31. Nc3 Rd6 32. Na4 Ne6 33. Rb7 Rd2 34. Nb6 (34. Kf1 $142) 34... Rb2 $19 35. Nxa8 Rxb7 36. Rxa5 {[%mdl 4096] Endgame KRN-KRN} c5 37. Kf1 g5 38. Ra6 c4 (38... Rb1+ $19 39. Kg2 c4) 39. Rc6 $17 Rb1+ 40. Kg2 (40. Ke2 $17 {was the only defense.}) 40... g4 $19 {aiming for ...Ng5.} 41. f4 $2 {[#]} (41. Rc8+ Kg7 42. Nc7) 41... Rb8 $1 42. Nb6 Nd8 43. Rxc4 Rxb6 {KRN-KR} 44. Rc8 Rd6 45. Rc5 Ne6 46. Rxh5 Rd2+ 47. Kf1 Kg7 48. f5 $2 (48. e4) 48... Nc7 {Black is clearly winning.} 49. e4 Kf6 50. Rh4 Nb5 51. Rxg4 Nd6 52. Rh4 Ke5 53. Ke1 Rg2 {Precision: White = 43%, Black = 62%.} 0-1

[Event "RUS-chT Rapid Men 2018"]
[Site "Sochi"]
[Date "2018.10.09"]
[Round "9"]
[White "Belyakov, Bogdan"]
[Black "Kozionov, Kirill"]
[Result "1/2-1/2"]
[WhiteElo "2458"]
[BlackElo "2458"]
[Annotator "ChessBase"]
[PlyCount "73"]
[EventDate "2018.10.05"]
[EventType "swiss"]
[EventCountry "RUS"]
[SourceTitle "playchess.com"]
[Source "ChessBase"]
[SourceQuality "1"]
[TimeControl "900+10"]

1. e4 {[%emt 0:00:00]} c5 {[%emt 0:00:00]} 2. c3 {[%emt 0:00:00]} d5 {[%emt 0:00:00]} 3. exd5 {[%emt 0:00:00]} Qxd5 {[%emt 0:00:00]} 4. d4 {[%emt 0:00:00]} Nc6 {[%emt 0:00:00]} 5. Nf3 {[%emt 0:00:00]} Bf5 {[%emt 0:00:02]} 6. Be2 {[%emt 0:00:02]} cxd4 {[%emt 0:00:03]} 7. Nxd4 {[%emt 0:00:02]} Nxd4 {[%emt 0:00:36]} 8. cxd4 {[%emt 0:00:02]} a6 {[%emt 0:09:18]} 9. O-O {[%emt 0:00:10]} Nf6 {[%emt 0:00:31]} 10. Nc3 {[%emt 0:00:38]} Qd7 {[%emt 0:01:27]} 11. Na4 {[%emt 0:05:29]} Rd8 {[%emt 0:00:30]} 12. Be3 {[%emt 0:00:44]} e6 {[%emt 0:00:19]} 13. Rc1 {[%emt 0:00:30]} Nd5 {[%emt 0:00:33]} 14. Qb3 {[%emt 0:00:29]} Bd6 {[%emt 0:01:11]} 15. Nc5 {[%emt 0:01:42]} Bxc5 {[%emt 0:00:08]} 16. Rxc5 {[%emt 0:00:02]} O-O {[%emt 0:00:23]} 17. Bf3 {[%emt 0:00:02]} Rc8 {[%emt 0:00:31]} 18. Rfc1 {[%emt 0:00:52]} h6 {[%emt 0:00:25]} 19. h3 {[%emt 0:01:19]} Rfd8 {[%emt 0:00:12]} 20. a4 {[%emt 0:00:54]} b6 {[%emt 0:00:55]} 21. Rxc8 {[%emt 0:00:16]} Rxc8 {[%emt 0:00:01]} 22. Rxc8+ {[%emt 0:00:01]} Qxc8 {[%emt 0:00:01]} 23. Bxd5 {[%emt 0:00:03]} exd5 {[%emt 0:00:01]} 24. Qxb6 {[%emt 0:00:04]} Bc2 {[%emt 0:01:08]} 25. b3 {[%emt 0:00:17]} Bd1 {[%emt 0:00:40]} 26. Kh2 {[%emt 0:00:22]} Bc2 {[%emt 0:00:02]} 27. Bf4 {[%emt 0:00:42]} Kh7 {[%emt 0:00:12]} 28. Be5 {[%emt 0:00:07]} f6 {[%emt 0:00:12]} 29. Bf4 {[%emt 0:00:18]} Bd1 {[%emt 0:00:09]} 30. Be3 {[%emt 0:00:42]} Bc2 {[%emt 0:00:01]} 31. Qb4 {[%emt 0:00:34]} Bd1 {[%emt 0:00:11]} 32. Kg1 {[%emt 0:00:03]} Qc2 {[%emt 0:00:10]} 33. Qb6 {[%emt 0:01:21]} Qxb3 {[%emt 0:00:05]} 34. Qxa6 {[%emt 0:00:01]} Qxa4 {[%emt 0:00:03]} 35. Qd3+ {[%emt 0:00:02]} Kh8 {[%emt 0:00:14]} 36. Qf5 {[%emt 0:00:32]} Qc6 {[%emt 0:00:14]} 37. Qf4 {[%emt 0:00:22]} 1/2-1/2

[Event "RUS-chT Rapid Men 2018"]
[Site "Sochi"]
[Date "2018.10.09"]
[Round "9"]
[White "Gutenev, Alexander"]
[Black "Uzhva, Andrey"]
[Result "1/2-1/2"]
[WhiteElo "2456"]
[BlackElo "2270"]
[Annotator "TA"]
[PlyCount "86"]
[EventDate "2018.10.05"]
[EventType "swiss"]
[EventCountry "RUS"]
[SourceTitle "playchess.com"]
[Source "ChessBase"]
[SourceQuality "1"]

{[%evp 26,86,77,75,63,29,50,-33,-36,-39,-43,-44,-48,-42,-59,-53,-41,-49,-49,-47,-45,-48,-50,-50,0,0,0,0,0,0,0,-3,0,-8,-8,-9,-8,-22,-12,-13,-9,-8,-8,-8,-8,-8,-9,-77,-8,-8,-8,-8,0,-8,0,-8,-8,-8,-8,-8,-8,-8,-8]} 1. e4 c5 2. Nf3 d6 3. d4 cxd4 4. Nxd4 Nf6 5. Nc3 g6 6. Be3 Bg7 7. f3 Nc6 8. Qd2 O-O 9. O-O-O Nxd4 10. Bxd4 Qa5 11. Kb1 Rd8 12. g4 Be6 {B76: Sicilian Dragon: Yugoslav Attack, 9 g4 and 9 0-0-0} 13. a3 Rac8 14. h4 {LiveBook: 3 Games} h5 $146 {White is better.} ({Predecessor:} 14... b6 15. h5 Bc4 16. hxg6 hxg6 17. Bxc4 Rxc4 18. Qh2 Re8 19. Nd5 Qb5 20. Bxf6 exf6 21. Qxd6 {1-0 (21) Lau,R (2530)-Kalka,A (2385) Germany 1993}) 15. gxh5 Nxh5 16. Rg1 (16. Bxg7 $14 Kxg7 17. Bh3) 16... Bxd4 $15 17. Qxd4 Qc5 18. Rg5 Qxd4 19. Rxd4 Kg7 20. Kc1 f6 21. Rg1 Rh8 22. Nd5 Kf7 23. Ra4 a6 24. Rb4 b5 25. a4 Rc5 26. axb5 axb5 27. Rxb5 Bxd5 28. exd5 Nf4 29. Rg4 {[#] Hoping for Rxc5.} Nxd5 30. Rxc5 dxc5 $11 {[%mdl 4096] Endgame KRB-KRN} 31. Bd3 f5 32. Rc4 Rc8 33. h5 gxh5 {And now ...Kf6 would win.} 34. Bxf5 Ne3 35. Bxc8 Nxc4 {KB-KN} 36. f4 (36. Ba6 $11 {remains equal.} Ne5 37. Kd1) 36... e5 ({Black should play} 36... Kf6 $17 37. Ba6 Nb6) 37. fxe5 {The position is equal.} Nxe5 38. Kd2 Ke7 39. b3 Kd6 40. Ke3 Nc6 41. Bh3 Nb4 42. Kd2 Nd5 43. c3 Ke5 {Precision: White = 62%, Black = 56%.} 1/2-1/2

[Event "RUS-chT Rapid Men 2018"]
[Site "Sochi"]
[Date "2018.10.09"]
[Round "9"]
[White "Oganian, Miran"]
[Black "Motylev, Alexander"]
[Result "1/2-1/2"]
[WhiteElo "2435"]
[BlackElo "2661"]
[Annotator "TA"]
[PlyCount "114"]
[EventDate "2018.10.05"]
[EventType "swiss"]
[EventCountry "RUS"]
[SourceTitle "playchess.com"]
[Source "ChessBase"]
[SourceQuality "1"]

{[%evp 14,114,2,3,33,29,25,35,20,-9,17,19,24,22,28,27,28,28,31,31,77,79,86,88,86,59,133,135,138,75,82,74,88,83,90,29,53,53,56,58,43,54,59,53,214,168,156,168,149,140,236,248,235,231,322,112,120,113,107,108,107,52,52,52,52,52,52,52,52,52,52,51,51,51,51,51,57,56,56,44,51,51,52,44,51,0,52,52,52,43,43,43,43,43,43,43,43,43,43,43,43,43,43]} 1. d4 d5 2. c4 c6 3. Nf3 Nf6 4. Qc2 g6 5. Bf4 dxc4 6. Qxc4 {D11: Damengambit (Slawische Verteidigung)} Be6 7. Qc1 Bg7 8. Nc3 {LiveBook: 4 Partien. Die Stellung ist ausgeglichen.} Bf5 $146 ({Vorgänger:} 8... Bg4 9. e3 Bxf3 10. gxf3 O-O 11. Qc2 Nbd7 12. O-O-O Qa5 13. e4 {0-1 (55) Oganian,M (2450)-Motylev,A (2663) Sochi 2016}) 9. e3 O-O 10. Be2 Nbd7 11. h3 Nd5 12. Nxd5 cxd5 13. Bc7 Qe8 14. Qd2 Rc8 15. Rc1 Nb6 16. O-O Nc4 17. Bxc4 dxc4 18. Rxc4 Be6 19. Rcc1 b6 {[#]} ({Lieber} 19... Qd7 $14 20. Qa5 f6) 20. d5 $1 $16 {[%cal Rd5e6]} Bf5 21. Be5 (21. d6 $142) 21... f6 22. Bg3 Qd7 23. Qd4 $36 {[%mdl 2048] Droht e4 und aus. Schwarz steht unter starkem Druck.} Bc2 24. Ne1 (24. Qb4 $16) 24... Ba4 25. Nd3 Bb5 26. Rfd1 {[%cal Bf1d1,Bd1c1,Bc1c7,Bc7c8][%mdl 32]} Rxc1 27. Rxc1 e5 28. dxe6 $1 Qxe6 $2 (28... Qxd4 $14 29. exd4 Bxd3) 29. a4 Bc6 30. Nf4 Qe4 31. Qd6 Ba8 (31... Bb7 $16 {ist eine bessere Verteidigung.} 32. Rc7 Rf7) 32. Rc7 $18 {[#] Droht Matt per Dd7.} Rf7 33. Rc8+ Bf8 34. Qe6 $2 (34. f3 $18 {und Weiss behält klar die Oberhand.} Qxe3+ 35. Kh2) 34... g5 35. Qxe4 Bxe4 36. Ne6 {Ld6 ist eine echte Drohung.} Bf5 37. Rxf8+ (37. Re8 $16) 37... Rxf8 $14 38. Nxf8 Kxf8 $16 {[%mdl 4096] Endspiel KL-KL} 39. Bb8 a6 $1 40. Bc7 Bc2 41. Bxb6 Bxa4 42. e4 h5 43. f3 Kf7 44. Kf2 Ke6 45. Ke3 Bb5 46. Bd4 Bf1 47. Kf2 Bb5 48. Kg3 Bf1 49. Kf2 Bb5 50. g3 {Weiß steht etwas besser.} Bc4 51. h4 gxh4 52. gxh4 f5 53. Ke3 fxe4 54. fxe4 Bb5 55. Kf4 Bd3 56. Bc3 Bb5 57. Kg5 Be2 {Precision: Weiß = 52%, Schwarz = 45%.} 1/2-1/2

[Event "RUS-chT Rapid Men 2018"]
[Site "Sochi"]
[Date "2018.10.09"]
[Round "9"]
[White "Vastrukhin, Oleg"]
[Black "Zvjaginsev, Vadim"]
[Result "1/2-1/2"]
[WhiteElo "2413"]
[BlackElo "2644"]
[Annotator "RC"]
[PlyCount "44"]
[EventDate "2018.10.05"]
[EventType "swiss"]
[EventCountry "RUS"]
[SourceTitle "playchess.com"]
[Source "ChessBase"]
[SourceQuality "1"]
[TimeControl "900+10"]

1. Nf3 {[%emt 0:00:00]} d5 {[%emt 0:00:00]} 2. g3 {[%emt 0:00:00]} c5 {[%emt 0:00:00]} 3. Bg2 {[%emt 0:00:00]} Nc6 {[%emt 0:00:00]} 4. d4 {[%emt 0:00:03]} Nf6 {[%emt 0:00:00]} 5. O-O {[%emt 0:00:03]} e6 {[%emt 0:00:00]} 6. c4 {[%emt 0:01:16]} dxc4 {[%emt 0:00:02]} 7. Qa4 {[%emt 0:00:01]} Bd7 {[%emt 0:00:25]} 8. dxc5 {[%emt 0:00:22]} Bxc5 {[%emt 0:00:35]} 9. Qxc4 {[%emt 0:00:04]} Be7 {[%emt 0:01:09]} 10. Nc3 {[%emt 0:00:43]} Rc8 {[%emt 0:00:15]} 11. Rd1 {[%emt 0:00:53]} Qa5 {[%emt 0:00:51]} 12. Qb5 {[%emt 0:01:48]} Qxb5 {[%emt 0:01:35]} 13. Nxb5 {[%emt 0:00:02]} Nd5 {[%emt 0:02:15]} 14. Nfd4 {[%emt 0:02:10]} Nxd4 {[%emt 0:01:02]} 15. Nxd4 {[%emt 0:00:02]} O-O {[%emt 0:01:16]} 16. Bxd5 {[%emt 0:01:45]} exd5 {[%emt 0:00:03]} 17. Bd2 {[%emt 0:00:00]} Ba4 {[%emt 0:01:37]} 18. Rdc1 {[%emt 0:00:11]} Bf6 {[%emt 0:00:17]} 19. e3 {[%emt 0:00:47]} Bxd4 {[%emt 0:00:40]} 20. exd4 {[%emt 0:00:01]} f6 {[%emt 0:00:24]} 21. Rxc8 {[%emt 0:00:04]} Rxc8 {[%emt 0:00:01]} 22. Rc1 {[%emt 0:00:01]} Rxc1+ 1/2-1/2

[Event "RUS-chT Rapid Men 2018"]
[Site "Sochi"]
[Date "2018.10.09"]
[Round "9"]
[White "Nechaev, Oleg"]
[Black "Ivanova, Karina"]
[Result "1/2-1/2"]
[WhiteElo "2400"]
[BlackElo "2153"]
[Annotator "TA"]
[PlyCount "230"]
[EventDate "2018.10.05"]
[EventType "swiss"]
[EventCountry "RUS"]
[SourceTitle "playchess.com"]
[Source "ChessBase"]
[SourceQuality "1"]

{[%evp 9,230,-6,0,0,0,-19,5,8,18,9,18,8,7,3,14,10,14,10,11,15,33,43,54,50,40,17,28,0,7,-47,-33,-98,-98,-98,-89,-101,-85,-105,-118,-119,-111,-108,-97,-128,-99,-97,-96,-118,-106,-186,-186,-178,-178,-210,-195,-210,-210,-203,-195,-197,-196,-262,-262,-296,-295,-356,-227,-392,-385,-337,-39,-12825,-11956,-1096,0,0,0,0,0,0,-2,-141,-26,-187,-210,-232,-232,-257,0,0,0,0,0,0,0,0,0,0,0,0,0,0,0,0,0,0,0,0,0,0,0,0,0,0,0,0,0,0,0,0,0,0,0,0,0,0,0,0,0,0,0,0,0,0,0,0,0,0,0,0,0,0,0,0,0,0,0,0,0,0,0,0,0,0,0,0,0,0,0,0,0,0,0,0,0,0,0,0,0,0,0,0,0,0,0,0,0,0,0,0,0,0,0,0,0,0,0,0,0,0,0,0,0,0,0,0,0,0,0,0,0,0,0,0,0,0,0,0,0,0,0,0,0,0,0,0,0,0,0,0,0,0,0]} 1. d4 Nf6 2. Bg5 e6 3. Nd2 h6 4. Bf4 (4. Bh4 c5 5. e4 cxd4 6. e5 g5 7. Bg3 Nd5 8. h4 Nc6 9. hxg5 Qxg5 10. Ngf3 Qd8 11. Bc4 d6 12. Bxd5 exd5 {1-0 (27) Vitiugov,N (2734)-Hou,Y (2658) Belokurikha 2018}) 4... c5 5. e3 b6 6. Ngf3 {A45: Trompowsky Attack} Bb7 7. Bd3 Be7 8. h3 d6 9. O-O Nbd7 $146 ({Predecessor:} 9... O-O 10. c3 Ba6 11. Bxa6 Nxa6 12. Qe2 Nb8 {½-½ (69) Rahul,K (2091)-Collett,P (2206) Sweden 2012}) 10. Bh2 O-O 11. c3 Re8 12. a4 a6 13. Qe2 Bf8 14. Rfd1 Qc7 15. e4 e5 16. dxe5 dxe5 17. Bc2 Bc6 18. Nh4 b5 19. g4 (19. c4 $11) 19... c4 $15 20. Nf1 (20. Nf5 $15) 20... Nc5 $17 {[%cal Rc5e4,Bd7c5,Bc5e6,Be6f4][%mdl 32]} 21. axb5 axb5 {[%cal Rc5e4]} 22. f3 Ne6 23. Kh1 Nf4 24. Bxf4 {Hoping for Bg3.} exf4 25. Nf5 Bc5 26. Nh2 Qb7 {[%cal Rf6e4]} 27. Rxa8 Qxa8 28. Re1 {[#]} Nd5 $1 {[%mdl 512]} 29. Qg2 (29. Nd4 $17) (29. exd5 Rxe2) 29... Ne3 $19 30. Nxe3 Bxe3 31. g5 h5 32. g6 f6 33. Nf1 Bc5 34. Rd1 Rd8 35. Qe2 (35. b3 {might work better.}) 35... Rxd1 36. Qxd1 Qe8 37. e5 fxe5 38. Be4 $2 (38. Nd2 {is a better defense.}) 38... Bxe4 39. fxe4 Qc6 $2 ({Not} 39... Qxg6 40. Qd5+ Kh8 41. Qxc5 $11) (39... Qa8 $19 40. Nd2 Kf8) 40. Qxh5 $2 {[%mdl 8192]} (40. Qd8+ $15 Bf8 41. Nd2) 40... Qxe4+ 41. Kh2 Qd5 $2 ({Better is} 41... Qc2+ $19 42. Kh1 Qf2 43. Qh7+ Kf8 44. Qh8+ Ke7 45. Qxg7+ Kd8 46. Qf6+ Be7) 42. Qh7+ $11 Kf8 43. Qh8+ Qg8 44. Qh5 Bd6 {And now ...Ke7 would win.} 45. Nd2 (45. Qh7 $1 $11 {was the only way to keep the balance.}) 45... Ke7 (45... Qd5 $1 $17 {[%cal Rd5d2]} 46. Qh8+ Ke7 47. Qxg7+ Ke8 48. Qf7+ Qxf7 49. gxf7+ Kxf7) 46. Qh7 $2 (46. Qf3 $1 $11 {and White has nothing to worry.}) 46... Qf8 $19 47. Ne4 {[#]} Ke6 $1 48. Qh5 {[#]} f3 $2 ({Black should try} 48... Be7 $1 $19 {White must now prevent ...Qf5.} 49. Nf2 Qf5) 49. Qg4+ $11 {The position is equal.} Kd5 50. Kg3 b4 51. Qxf3 Qf4+ 52. Qxf4 exf4+ {[%mdl 4096] Endgame KB-KN} 53. Kf3 bxc3 54. Nxc3+ Ke6 55. Ke4 Kf6 56. Nd5+ Kxg6 {Black wants to play ...Kg5.} 57. Nxf4+ Kg5 58. Ng2 Kf6 59. Ne3 Kg5 60. Nxc4 Bb4 61. Kf3 Kh4 62. Kg2 g5 63. Ne5 Bd6 64. Ng4 (64. Nd3 {feels hotter.} g4 65. hxg4) 64... Bb4 65. b3 Bc3 66. Nh2 Ba5 67. Nf3+ Kh5 68. Ne5 Kh4 69. Ng4 Bb4 70. Nf2 Bc3 71. Ne4 Bb4 72. Nf6 Bc3 73. Ng4 Bb4 74. Nh2 Bd6 75. Nf3+ Kh5 76. Nd4 g4 77. Nf5 gxh3+ 78. Kxh3 Bb4 (78... Be5 {is more complex.} 79. Kg2 Kg4 80. Ne3+ Kf4 81. Nc4 Ke4) 79. Kg3 Kg5 80. Ne3 Bc5 81. Kf3 Kf6 82. Nc4 Ke6 83. Ke4 Bb4 84. Kd4 Bf8 85. Nd2 Bb4 86. Ne4 Bf8 87. Kc4 Kd7 88. Kd5 Kc7 89. Nc5 {White wants to mate with Ne6+.} Be7 90. Kc4 Kc6 91. Nd3 Bd6 92. Nc1 Kb6 93. Ne2 Kc6 94. Nc3 Bc5 95. Ne2 Bf8 96. Nd4+ Kb6 97. Ne6 Bd6 98. Kd5 Bb4 99. Nf4 Kb5 100. Kd4 Bd6 101. Nd5 Bc5+ 102. Kc3 Bf8 103. Nc7+ Kc6 104. Ne6 Bd6 105. Kc4 Kb6 106. Ng7 $1 Be7 107. Nf5 Bf8 108. Ne3 Bd6 109. Nf5 Bf8 110. Ng3 Bd6 111. Ne4 Be7 112. Nf2 Bc5 113. Nd3 Bd6 114. Nb4 Bf8 115. Nd5+ Kc6 {Precision: White = 60%, Black = 67%.} 1/2-1/2